| 000 | 01743nam a2200349 c 4500 | ||
|---|---|---|---|
| 003 | BLK | ||
| 005 | 20180422105714.0 | ||
| 008 | 180409b bul|||||r ||||||| ||bul|| | ||
| 010 | _aKNG00111411000 | ||
| 020 |
_a954-729-184-Х _bиздат.: Атика |
||
| 040 | _aBLK | ||
| 041 |
_aBUL _cBUL |
||
| 080 |
_aАмериканска литература (на САЩ) _b821.111(73) _x-94 _z821.111(73)-94 |
||
| 080 |
_aОргани на обществения ред. Полиция. Обществена власт. Доброволни отреди. Държавна сигурност. Милиция. Дейност на полицията по вътрешно разузнаване _b351.74 _x(73)(093.3) _z351.74(73)(093.3) |
||
| 080 |
_aПолитическо преследване. Терористични действия. Тероризъм - Атентати, политически убийства. Вж и 343.1 ; 343.3/.7 _b323.28 _x(093.3) _z323.28(093.3) |
||
| 100 | 1 |
_aУиткъм, Кристофър _eпърви автор _9132784 |
|
| 700 | 1 |
_aМаринкева, Елисавета _eпрев. от англ. _9374822 |
|
| 139 |
_aУиткъм, Кристофър _bУ 43 |
||
| 245 | 1 | 0 |
_aЕкипът _bФБР отвътре _cКристофър Уиткъм; прев. от англ. Елисавета Маринкева. |
| 257 | _aUSA | ||
| 260 |
_аСофия _bАтика _c2004 |
||
| 300 |
_a376 с. _c20 см |
||
| 380 | _aX | ||
| 490 | 1 | _aДосие | |
| 500 | _aОриг. загл. Cold Zero / Christopher Whitcomb. - Офс. изд. | ||
| 653 | _aФБР | ||
| 852 | _aЦб 218323 | ||
| 856 | 4 |
_qpdf _u |
|
| 856 | 4 |
_qpdf _u |
|
| 942 |
_cKNG _n0 |
||
| 944 |
_aCR _c02.03.2004 _kЦветанка_Енчева |
||
| 944 |
_aED _c07.10.2005 _k |
||
| 999 |
_c106158 _d106158 |
||